000
00199nam a22000857a 4500
008
170624b xxu||||| |||| 00| 0 eng d
100
_9
3653
_a
Velbar
245
_a
Komm, Spiel mitmir
260
_b
Velbar
_c
1997
999
_c
7053
_d
7053